000 00831nam a2200265 i 4500
001 11176
003 ES-MaACL
005 20250811063128.0
007 t|
008 960213s1994 sp ||||1| spa d
020 _a84-309-2443-4
080 _a341.1/8(075.8)
100 1 _aDíez de Velasco Vallejo, Manuel,
_d1926-2009
_944716
245 1 4 _aLas organizaciones internacionales /
_cManuel Díez de Velasco Vallejo.
250 _a8ª ed.
260 _aMadrid :
_bTecnos,
_c1994.
300 _a550 p. ;
_c24 cm.
490 1 _aBiblioteca universitaria de Editorial Tecnos
500 _aIndices.
504 _aBibliografía.
650 0 4 _aOrganismos internacionales.
_915757
830 0 _aBiblioteca universitaria de Editorial Tecnos
_9178819
852 _aES-MaACL
_jL-18491
_bR.124605
999 _c11176
_d11176